000 00217 a2200097 4500
001 37800
100 _aHall D G E
245 _aA history of southeast asia
260 _aMalysia
_bMacmillan
_c
090 _c23992
_d23992
942 _aNUST-CAE
_cM
_c15549
999 _c272873
_d272873